Buteurs en finale de ligue des champions - Statistiques

Statistiques générales
  • Ce quiz a été pris 610 fois
  • Le résultat moyen est 4 sur 17
Answers on the Grid
Answers color-coded by a green-red scale on the quiz's grid according to % correct below.
cristiano ronaldo
benzema
rooney
ronaldinho
dembele
marcelo
henry
david villa
modric
bale
zlatan ibrahimovic
neymar
morata
griezmann
van nistelrooy
zidane
maradona
vini jr
iniesta
messi
haaland
rodri
cruyff
luis suarez
mane
george weah
robben
Drogba
lewandowski
gündogan
Asensio
 
Statistiques - réponses
Réponse % Correct
cristiano ronaldo
94%
benzema
80%
messi
31%
bale
29%
neymar
27%
vini jr
27%
zidane
23%
rodri
19%
Drogba
17%
robben
16%
Asensio
10%
david villa
10%
marcelo
10%
luis suarez
8%
morata
5%
gündogan
4%
cruyff
3%
Aucun quiz correspondant
Distribution des résultats
% des personnes avec chaque résultat
Percentile par nombre de réponses
Votre historique - résultats
Vous n’avez pas pris ce quiz